Statystyki dla Losowe stolice na mapie świata

Kliknij tutaj aby rozwiązać quiz!

Ogólne statystyki

  • Ten quiz został rozwiązany 15 738 razy
  • Średni wynik to 10 z 20

Odpowiedzi na mapie

Odpowiedzi skodowane kolorowo w zielono-czerwonej skali na mapie do tego quizu, zgodnie z poniższymi procentami.
 

Statystyki odpowiedzi

Stolica% Poprawnych
Paryż
98%
Warszawa
98%
Londyn
96%
Madryt
96%
Moskwa
96%
Oslo
96%
Berlin
95%
Bruksela
95%
Praga
95%
Rzym / Watykan
94%
Helsinki
93%
Kijów
93%
Waszyngton, D.C.
93%
Amsterdam
92%
Ateny
92%
Budapeszt
92%
Dublin
92%
Kopenhaga
92%
Mińsk
92%
Andora
91%
Lizbona
91%
Sztokholm
91%
Bratysława
90%
Pekin
90%
Tallinn
90%
Wilno
90%
Tokio
89%
Meksyk
88%
Monako
88%
Ryga
88%
Wiedeń
88%
Ankara
87%
San Marino
87%
Berno
86%
Ottawa
86%
Kair
85%
Reykjavík
85%
Bukareszt
84%
Luksemburg
84%
Valletta
83%
Seul
82%
Zagrzeb
82%
Sofia
81%
Brasília
78%
Tirana
78%
Algier
77%
Buenos Aires
77%
Lublana
77%
Rabat
77%
Kiszyniów
76%
Ułan Bator
76%
Belgrad
75%
Nikozja
75%
Nowe Delhi
74%
Vaduz
74%
Santiago
73%
Tunis
73%
Canberra
71%
Lima
71%
Sarajewo
71%
Bangkok
70%
Hawana
69%
Pjongjang
69%
Pretoria /
Kapsztad /
Bloemfontein
69%
Bogota
68%
Montevideo
68%
Jerozolima
67%
Podgorica
67%
Skopje
67%
Teheran
66%
Prisztina
65%
Dżakarta
64%
Singapur
64%
Manila
61%
Rijad
60%
Tajpej
60%
Abu Zabi
59%
La Paz / Sucre
58%
Panama
58%
Hanoi
57%
Nursułtan
57%
Bagdad
56%
Ad-Dauha
54%
Caracas
54%
Islamabad
54%
Kuwejt
54%
Baku
53%
Erywań
53%
Kabul
53%
Kingston
53%
Male
53%
Trypolis
53%
Bejrut
52%
Dakar
52%
Tbilisi
52%
Wellington
52%
Katmandu
51%
Antananarywa
50%
Kuala Lumpur
50%
Chartum
49%
Quito
49%
Addis Abeba
47%
Damaszek
47%
Nairobi
47%
Dhaka
45%
Phnom Penh
43%
Georgetown
42%
Santo Domingo
42%
Abudża
41%
Amman
41%
Biszkek
40%
Gwatemala
40%
Sri
Dźajawardanapura
Kotte
40%
Wientian
40%
Luanda
39%
Nassau
39%
San Salvador
39%
Dżibuti
38%
Sana
38%
Dili
37%
Mogadiszu
37%
Kinszasa
36%
Ndżamena
36%
Managua
35%
Port-au-Prince
35%
Windhuk
35%
Asunción
34%
Gaborone
34%
Wagadugu
34%
Paramaribo
33%
Victoria
33%
Bamako
32%
Belmopan
32%
Bissau
32%
Maskat
32%
Niamey
32%
Port-of-Spain
32%
Taszkent
32%
Thimphu
32%
Kigali
31%
Port Moresby
31%
San José
31%
Monrovia
30%
Akra
29%
Brazzaville
29%
Duszanbe
29%
Harare
29%
Jaunde
29%
Lilongwe
29%
Manama
29%
Maputo
29%
Naypyidaw
29%
Tegucigalpa
29%
Aszchabad
28%
Dodoma
28%
Dżuba
28%
Kampala
28%
São Tomé
28%
Nawakszut
27%
Praia
27%
Asmara
26%
Bandar Seri
Begawan
26%
Port Louis
26%
Porto-Novo
25%
Freetown
24%
Jamusukro
24%
Bridgetown
23%
Lomé
23%
Lusaka
23%
Mbabane
23%
Gitega
22%
Port Vila
21%
Roseau
21%
Suva
21%
Yaren
21%
Kingstown
20%
Saint John’s
20%
Bangi
19%
Honiara
19%
Konakry
19%
Palikir
19%
Saint George's
18%
Bandżul
17%
Basseterre
17%
Castries
17%
Moroni
17%
Maseru
16%
Nuku'alofa
16%
Libreville
15%
Malabo
14%
Apia
13%
Majuro
13%
Ngerulmud
13%
Funafuti
11%
Tarawa
11%

Rozkład punktacji

Percentyl według liczby udzielonych odpowiedzi

Procent ludzi z każdym wynikiem

Twoja historia wyników

Nie rozwiązałeś tego quizu